Southville International School and Colleges
Your cart is empty.
  • Cart
  • Lists
    Public lists Eva Luna New books Lux_list list_1
    Your lists Log in to create your own lists
  • Log in to your account
  • Your cookies
  • Search history
Southville International School and Colleges
  • Advanced search
  • Recent comments
  • Most popular
  • Libraries

Log in to your account

Log in with GOOGLE


If you do not have an external account, but do have a local account, you can still log in:

  1. Home
  2. MARC view: Boris gets a lizard
Normal view MARC view ISBD view

Boris gets a lizard (Record no. 368788)

[ view plain ]
MARC details
000 -LEADER
fixed length control field 00601nam a22002057a 4500
003 - CONTROL NUMBER IDENTIFIER
control field 0
005 - DATE AND TIME OF LATEST TRANSACTION
control field 20260204152116.0
008 - FIXED-LENGTH DATA ELEMENTS--GENERAL INFORMATION
fixed length control field 260204b xxu||||| |||| 00| 0 eng d
020 ## - INTERNATIONAL STANDARD BOOK NUMBER
International Standard Book Number 978-0-545-48447-3
050 ## - LIBRARY OF CONGRESS CALL NUMBER
Classification number ER
Item number Bo726 2011
082 ## - DEWEY DECIMAL CLASSIFICATION NUMBER
Classification number ER
Item number Bo726 2011
100 ## - MAIN ENTRY--PERSONAL NAME
Personal name Joyner, Andrew
245 ## - TITLE STATEMENT
Title Boris gets a lizard
Statement of responsibility, etc by Andrew Joyner.
260 ## - PUBLICATION, DISTRIBUTION, ETC. (IMPRINT)
Place of publication, distribution, etc New York, NY :
Name of publisher, distributor, etc Scholastic Inc.,
Date of publication, distribution, etc 2011.
300 ## - PHYSICAL DESCRIPTION
Extent 76 pages :
Other physical details colored illustrations ;
Dimensions 20 cm.
650 ## - SUBJECT ADDED ENTRY--TOPICAL TERM
Topical term or geographic name as entry element Warthog
Form subdivision Juvenile fiction.
650 ## - SUBJECT ADDED ENTRY--TOPICAL TERM
Topical term or geographic name as entry element Komodo dragon
Form subdivision Fiction.
650 ## - SUBJECT ADDED ENTRY--TOPICAL TERM
Topical term or geographic name as entry element Lizards
Form subdivision Juvenile fiction.
942 ## - ADDED ENTRY ELEMENTS (KOHA)
Source of classification or shelving scheme Dewey Decimal Classification
Koha item type Books
Holdings
Withdrawn status Lost status Source of classification or shelving scheme Damaged status Home library Current library Shelving location Date acquired Source of acquisition Sub Shelving location Total Checkouts Full call number Barcode Date last seen Price effective from Koha item type
    Dewey Decimal Classification   Munich Library Munich Library Easy Reading Section 02/04/2026 Library Fund     ER Bo726 2011 M8452 02/04/2026 02/04/2026 Books
    Dewey Decimal Classification   Munich Library Munich Library Easy Reading Section 02/04/2026 Library Fund     ER Bo726 2011 M8461 02/04/2026 02/04/2026 Books

Boris gets a lizard

APA

Joyner A., . (2011). Boris gets a lizard. New York, NY: Scholastic Inc.

Chicago

Joyner Andrew, . 2011. Boris gets a lizard. New York, NY: Scholastic Inc.

Harvard

Joyner A., . (2011). Boris gets a lizard. New York, NY: Scholastic Inc.

MLA

Joyner Andrew, . Boris gets a lizard. New York, NY: Scholastic Inc. 2011.

  • Place hold
  • Print
  • Cite
  • Add to your cart (remove)
  • Save record
    BIBTEX Dublin Core MARCXML MARC (non-Unicode/MARC-8) MARC (Unicode/UTF-8) MARC (Unicode/UTF-8, Standard) MODS (XML) RIS
  • More searches
    Search for this title in:
    Other Libraries (WorldCat) Other Databases (Google Scholar) Online Stores (Bookfinder.com) Open Library (openlibrary.org)

Exporting to Dublin Core...

SOUTHVILLE LIBRARY

Southville International School and Colleges Library

1281 Tropical Ave. Cor. Luxembourg St., BF Homes International, Las Pinas City

Tel. No. 8256374 / 252358 Loc. 117/146

Powered by Koha